10 Closest Capitals to Moscow Quiz Stats

 Plays Quiz Updated Dec 28, 2016

Support Sporcle.
Go Orange.
Score 0/10 Timer 02:00
1 Play Today
Capital % Correct
Kyiv, Ukraine
92.4%
Helsinki, Finland
87.9%
Warsaw, Poland
85.9%
Riga, Latvia
84.7%
Minsk, Belarus
82.9%
Tallinn, Estonia
77.9%
Vilnius, Lithuania
73.4%
Stockholm, Sweden
72.9%
Bucharest, Romania
63.6%
Chisinau, Moldova
50.8%

You're not logged in!

Compare scores with friends on all Sporcle quizzes.
OR
Log In
Forgot?

From the Vault

10 Words, 20 Definitions X

by DesertSpartan

After further review, the ruling on the field is confirmed - English is a strange language.
Remove Ads.
Support Sporcle.
Get the best of Sporcle when you Go Orange. This ad-free experience offers more features, more stats, and more fun while also helping to support Sporcle. Thank you for becoming a member.

Show Comments

Extras

Top Quizzes Today


Score Distribution

Your Account Isn't Verified!

In order to create a playlist on Sporcle, you need to verify the email address you used during registration. Go to your Sporcle Settings to finish the process.

Report this User

Report this user for behavior that violates our Community Guidelines.

Details: